Journal of agriculture and agricultural technology (JAAT) (Record no. 38349)

MARC details
000 -LEADER
fixed length control field 00478nam a2200169Ia 4500
022 ## - INTERNATIONAL STANDARD SERIAL NUMBER
ISSN 15975460
050 ## - CALL MARK
Classification number S 473.N5 .J67/
245 #0 - TITLE STATEMENT
Title Journal of agriculture and agricultural technology (JAAT)
260 ## - PUBLICATION, DISTRIBUTION, ETC. (IMPRINT)
Place of publication Minna
260 ## - PUBLICATION, DISTRIBUTION, ETC. (IMPRINT)
Name of publisher School of Agriculture and Agricultural Technology
260 ## - PUBLICATION, DISTRIBUTION, ETC. (IMPRINT)
Year of publication june
300 ## - PHYSICAL DESCRIPTION
Number of Pages 133 p. ; 29 cm.
650 ## - SUBJECT ADDED ENTRY--TOPICAL TERM
Topical Term Agriculture--Nigeria--Periodicals.
942 ## - ADDED ENTRY ELEMENTS (KOHA)
Koha item type Serials

No items available.